Refrigeration And Air Conditioning Technology (Record no. 11234)

000 -LEADER
fixed length control field 00234 a2200097 4500
020 ## - INTERNATIONAL STANDARD BOOK NUMBER
International Standard Book Number 9781111644543
100 ## - MAIN ENTRY--PERSONAL NAME
Personal name Whitman,
245 ## - TITLE STATEMENT
Title Refrigeration And Air Conditioning Technology
250 ## - EDITION STATEMENT
Edition statement 7Th Edition
260 ## - PUBLICATION, DISTRIBUTION, ETC.
Name of publisher, distributor, etc. Cengage Learning
Holdings
Withdrawn status Lost status Source of classification or shelving scheme Damaged status Not for loan Permanent Location Current Location Date acquired Source of acquisition Cost, normal purchase price Barcode Date last seen Cost, replacement price Price effective from Koha item type
          BMS College of Architecture, Design and Planning BMS College of Architecture, Design and Planning 2023-03-07 10 5213.50 AR-UG2904 2023-03-07 7447.86 2023-03-07 UG Books
Copyright © 2025, The Librarian, Library and Information Centre, BMSCA D&P, Bengaluru. All Rights Reserved
web counter

Powered by Koha